=LDR 00000nam 2200000 4500 =001 INLIS000000000038391 =005 20130612144048 =008 ***********************************Ind** =035 ##$$0010-061300000038391 =041 ##$$a Ind =082 ##$$a 646.78 =090 ##$$a 646.78, Inf i =245 ##$$a Infektil, Tim redaksi vitahealth =260 ##$$a 2007 $b Jakarta =300 ##$$a 129 hlm, Ilus, 25 cm =650 ##$$a Kehidupan Keluarga =700 ##$$a Tim Redaksi Ultahealth =850 ##$$a NBPNMAT